Issues in derivative instruments / (Record no. 246306)

MARC details
000 -LEADER
fixed length control field 00933nam a2200289 a 4500
001 - CONTROL NUMBER
control field vtls000287221
003 - CONTROL NUMBER IDENTIFIER
control field NLI
005 - DATE AND TIME OF LATEST TRANSACTION
control field 20210602130416.0
008 - FIXED-LENGTH DATA ELEMENTS--GENERAL INFORMATION
fixed length control field 101203s1999 enk 000 0 eng
039 #9 - LEVEL OF BIBLIOGRAPHIC CONTROL AND CODING DETAIL [OBSOLETE]
-- 201012031904
-- VLOAD
040 0# - CATALOGING SOURCE
Original cataloging agency NLI
Language of cataloging eng
Transcribing agency Entertech-FY 2010
Description conventions AACR2
041 0# - LANGUAGE CODE
Language code of text/sound track or separate title eng
044 ## - COUNTRY OF PUBLISHING/PRODUCING ENTITY CODE
MARC country code enk
082 04 - DEWEY DECIMAL CLASSIFICATION NUMBER
Classification number 332.646
245 00 - TITLE STATEMENT
Title Issues in derivative instruments /
Statement of responsibility, etc. edited by Edward J. Swan
260 ## - PUBLICATION, DISTRIBUTION, ETC.
Place of publication, distribution, etc. London :
Name of publisher, distributor, etc. Kluwer Law International,
Date of publication, distribution, etc. 1999
300 ## - PHYSICAL DESCRIPTION
Extent xii, 204 p. ;
Dimensions 25 cm.
500 ## - GENERAL NOTE
General note "Institute of Advanced Legal Studies."
650 #0 - SUBJECT ADDED ENTRY--TOPICAL TERM
Topical term or geographic name entry element Derivative securities
General subdivision Law and legislation
9 (RLIN) 444510
700 1# - ADDED ENTRY--PERSONAL NAME
Personal name Swan, Edward J.,
Relationship edt
9 (RLIN) 444511
710 1# - ADDED ENTRY--CORPORATE NAME
Corporate name or jurisdiction name as entry element University of London.
Subordinate unit Institute of Advanced Legal Studies
9 (RLIN) 391085
887 ## - NON-MARC INFORMATION FIELD
Content of non-MARC field
901 ## - LOCAL DATA ELEMENT A, LDA (RLIN)
a 535993
b 24.5.2000
902 ## - LOCAL DATA ELEMENT B, LDB (RLIN)
a E/O 332.646 Is 7
949 ## - LOCAL PROCESSING INFORMATION (OCLC)
-- VIRTUAITEM
-- 10000
-- 100
6 PUR000535993ENG
942 ## - ADDED ENTRY ELEMENTS (KOHA)
Source of classification or shelving scheme Dewey Decimal Classification
Koha item type Books
Holdings
Withdrawn status Lost status Damaged status Not for loan Collection code Home library Current library Shelving location Date acquired Total Checkouts Full call number Barcode Date last seen Price effective from Koha item type
        New English Oversized National Library of India National Library of India New English Oversized - Main Stack Division     E/O 332.646 Is 7 PUR000535993ENG 02/06/2021 02/06/2021 Books
                                                                           
web counter

Copyright ©2020 The National Library of India, Govt. of India ↔ Hosted by NVLI, MOC ↔ Technology and Design by National Library of India, Ministry of Culture, Govt. of India